Reaction mechanisms in organic chemistry (Record no. 184583)

MARC details
000 -LEADER
fixed length control field 00475nam a22001697a 4500
020 ## - INTERNATIONAL STANDARD BOOK NUMBER
ISBN 978-0-19-945681-9
041 ## - LANGUAGE CODE
Language code of text/sound track or separate title eng
082 ## - DEWEY DECIMAL CLASSIFICATION NUMBER
Edition number 23rd.
Classification number 547.139
Item number SEN
100 ## - MAIN ENTRY--AUTHOR NAME
Personal name Sen Gupta, Subrata
245 ## - TITLE STATEMENT
Title Reaction mechanisms in organic chemistry
Statement of responsibility, etc Subrata Sen Gupta
260 ## - PUBLICATION, DISTRIBUTION, ETC. (IMPRINT)
Place of publication New Delhi
Name of publisher Oxford University Press
Year of publication 2016
300 ## - PHYSICAL DESCRIPTION
Number of Pages xxi,880p.;
Dimensions 25cm.
650 ## - SUBJECT ADDED ENTRY--TOPICAL TERM
Topical Term Organic reaction mechanisms
856 ## - ELECTRONIC LOCATION AND ACCESS
Uniform Resource Identifier www.india.oup.com
942 ## - ADDED ENTRY ELEMENTS (KOHA)
Koha item type Books
Holdings
Withdrawn status Lost status Damaged status Collection code Home library Current library Shelving location Date acquired Full call number Accession Number Koha item type
      CHEMISTRY North Eastern Hill University North Eastern Hill University General Stacks 01/04/2026 547.139 SEN 430456 Books